000
00305 a2200145 4500
001
176475
020
_a
040
_c
Magnum
100
_a
Campos, Paulo Mendes
240
1
0
_a
Dom raposo e fogo !
_l
por
245
1
0
_a
Dom raposo e fogo !
362
0
_a
1899
697
_a
MAGNITO: J/FICCAO
942
_c
BK
999
_c
176475
_d
176475